00551 2200181 4500001002100000005001500021035002000036008004100056245007800097100003100175260005300206300002700259020001800286084001800304082001200322650002100334990001400355INLIS00000000000014320260413044020 a0010-0317000141260413 0 1 aA Live Escherichia coli Vaccine for Poultry: Prevention of Colibacillosis aPeighambari, Sayed Mostafa aVerlag :bLap Lambert Academic Publishing,c2011 axii, 100 hlm. ;c24 cm a9783845412757 a579.342 Pei l a579.342 aESCHERICHIA COLI a076214212